00598nam a22001457a 450000500170000000800410001708200180005824500380007626001120011430000100022665000210023694200070025799900170026495201710028120260407152112.0260407b |||||||| |||| 00| 0 eng d a351.72bANN-G aAnnual Budget Statement 2002-2003 aGovernment of Pakistan Finance Division Islamabad bPrinting Corporation of Pakistan Press, Pakistan c2003 a19 p. aAllied Material  cBK c47241d47241 00w2026-04-071040708Allied Material aAUSCbAUSCcAllied Materials d2026-04-07eGifted By Dr. Salman Hasan l0o351.72 ANN-GpAUHEG0002r2026-04-07 15:22:06yBK